000 004880000a22001570004500
003 MACL
005 20250624150020.0
008 181017b xxu||||| |||| 00| 0 eng d
040 _aMACL
_cmacl
100 _aशर्मा ,मदनमोहन (शाही)
_973034
245 _aलंकेश्‍वर
260 _bराधाकृष्‍ण
_c2011
_aदिल्‍ली
350 _a650
650 _aउपन्‍यास
_973035
942 _cHIN
_k891.433/SHA/N
_2ddc
999 _c45737
_d45737